00564cam a22002051 4500001001300000003000400013005001700017008004100034010001700075035002000092040004700112042001200159050001700171110002400188245002300212260002300235300003300258600005000291999001700341pa 55000206 DLC20260227111853.0880406s1954 dcuac 000 0 eng c apa 55000206  a(OCoLC)17744768 aPan American Union. LibrarycLNTdLNTdDLC apremarc00aF3442b.P7192 aPan American Union.00aFrancisco Pizarro. aWashingtonc[1954] a15 p.billus., port.c23 cm.10aPizarro, Francisco,dapproximately 1475-1541. c51275d51275